Aptitud de padres para prevenir abuso sexual en menores después de una intervención educativa participativa /
Se pretende evaluar la aptitud en los padres en el momento de educar con equidad a los menores sobre la prevención del abuso sexual infantil con una estrategia educativa participativa; para lo anterior se utiliza un diseño cuasiexperimental. Se pudieron encontrar diferencias estadísticamente signifi...
Na minha lista:
| Autor principal: | |
|---|---|
| Outros Autores: | , , , , |
| Formato: | Texto |
| Assuntos: | |
| Tags: |
Adicionar Tag
Sem tags, seja o primeiro a adicionar uma tag!
|
MARC
| LEADER | 00000 a a2200000 04500 | ||
|---|---|---|---|
| 001 | 42965 | ||
| 003 | |||
| 040 | |||
| 100 | |a Higareda-Almaraz, Martha Alicia | ||
| 245 | |a Aptitud de padres para prevenir abuso sexual en menores después de una intervención educativa participativa / |c Martha Alicia Higareda-Almaraz ; Enrique Higareda-Almaraz ; Irma Reyna Higareda-Almaraz ; Juan Carlos Barrera-de León ; Meynardo Alonso Gómez-Llamas ; Verónica Benites-Godínez | ||
| 520 | |a Se pretende evaluar la aptitud en los padres en el momento de educar con equidad a los menores sobre la prevención del abuso sexual infantil con una estrategia educativa participativa; para lo anterior se utiliza un diseño cuasiexperimental. Se pudieron encontrar diferencias estadísticamente significativas en las respuestas de los padres antes y después de la intervención educativa. Se encontró además que después de la intervención educativa, se da un cambio de aptitud en los padres al adquirir mayor aprendizaje para educar a los menores en la prevención del abuso infantil. Se finaliza afirmando que es necesario continuar evaluando diferentes estrategias educativas. | ||
| 590 | |a KSR/JUNIO2012 | ||
| 650 | |a ABUSO SEXUAL | ||
| 650 | |a EDUCACION SEXUAL | ||
| 650 | |a PADRES | ||
| 650 | |a INFANCIA | ||
| 650 | |a MEXICO | ||
| 700 | |a Higareda-Almaraz, Enrique | ||
| 700 | |a Higareda-Almaraz, Irma | ||
| 700 | |a Reyna Barrera-de León, Juan Carlos | ||
| 700 | |a Gómez-Llamas, Meynardo Alonso | ||
| 700 | |a Verónica Benites-Godínez | ||
| 773 | |g volumen53, número2 (2011), páginas 134-140 : tablas | ||
| 999 | |c 25018 |d 25018 | ||
